| 000 | 00729nam a22002297a 4500 | ||
|---|---|---|---|
| 999 |
_c15885 _d15885 |
||
| 003 | AR-CdUCM | ||
| 008 | 190430b ||||| |||| 00| 0 spa d | ||
| 040 |
_aMUNICIPALIDAD PROVINCIAL DEL CUSCO _cBIBLIOTECA MUNICIPAL DEL CUSCO |
||
| 041 | _heng | ||
| 082 |
_25ed. _a813 / _bB36 |
||
| 100 |
_aBellamann, Henry _935083 |
||
| 245 |
_aCumbres de pasión : _bnovela / |
||
| 260 |
_aBuenos Aires : _bClaridad, _c1955. |
||
| 300 |
_a506 páginas ; _c20.5 cm. |
||
| 440 |
_aBiblioteca de grandes novelas ; _n1 _935084 |
||
| 505 | _aContenido: Novela | ||
| 650 |
_aLiteratura norteamericana _911787 |
||
| 650 |
_aNovela _95 |
||
| 700 |
_aPiñero Mitchell, Rosa (traducción) _935085 |
||
| 942 |
_2ddc _cLIBROS |
||
| 945 |
_aacv _d2019-04-30 |
||